[Event "NRW Class1 1819"]
[Site "Germany"]
[Date "2018.11.18"]
[Round "3.7"]
[White "Dorner, Matthias"]
[Black "Fecke, Andreas"]
[Result "1-0"]
[WhiteElo "2133"]
[BlackElo "2058"]
[PlyCount "49"]
[EventDate "2018.09.16"]
[EventType "team-tourn"]
[EventRounds "9"]
[EventCountry "GER"]
[SourceTitle "EXT 2022"]
[Source "ChessBase"]
[SourceDate "2021.10.06"]
[SourceVersion "1"]
[SourceVersionDate "2021.10.06"]
[SourceQuality "1"]
[WhiteTeam "Krefelder Turm"]
[BlackTeam "Lippstadt Turm"]
[WhiteTeamCountry "GER"]
[BlackTeamCountry "GER"]

1. d4 d6 2. c3 e5 3. dxe5 dxe5 4. Qxd8+ Kxd8 5. e4 Nf6 6. Bg5 Be7 7. Nd2 h6 8. Bh4 Nfd7 9. Bg3 Bf6 10. Bc4 Ke7 11. a4 Nc6 12. Ngf3 Re8 13. Bd5 Nd8 14. 0-0 Kf8 15. a5 Rb8 16. b4 c6 17. Ba2 b5 18. axb6 axb6 19. Nc4 Nb7 20. Rfd1 b5 21. Ne3 h5 22. h4 Nb6 23. Bb3 Re7 24. Ra6 Nd7 25. Rxc6 1-0

[Event "NRW Class2 1314"]
[Site "Germany"]
[Date "2013.10.06"]
[Round "2.5"]
[White "Bouaraba, Max"]
[Black "Fecke, Andreas"]
[Result "1-0"]
[WhiteElo "2156"]
[BlackElo "2127"]
[PlyCount "99"]
[EventDate "2013.09.15"]
[EventType "team-tourn"]
[EventRounds "9"]
[EventCountry "GER"]
[SourceTitle "EXT 2015"]
[Source "ChessBase"]
[SourceDate "2014.11.20"]
[SourceVersion "1"]
[SourceVersionDate "2014.11.20"]
[SourceQuality "1"]
[WhiteTeam "Plettenberg"]
[BlackTeam "Lippstadt Turm"]
[WhiteTeamCountry "GER"]
[BlackTeamCountry "GER"]

1. d4 d6 2. Bf4 c6 3. e3 g5 4. Bg3 Bf5 5. Bd3 Nd7 6. h4 g4 7. Bxf5 Qa5+ 8. Nc3 Qxf5 9. e4 Qh5 10. Nge2 e5 11. Qd3 0-0-0 12. d5 Nc5 13. Qc4 f5 14. dxc6 bxc6 15. b4 Nb7 16. Qxc6+ Kb8 17. Nb5 Ne7 18. Qa6 Nc8 19. Rb1 f4 20. Rb3 fxg3 21. Rc3 gxf2+ 22. Kf1 Rd7 23. Qc6 Qe8 24. Nc7 Ne7 25. Qb5 Qd8 26. Ne6 Qe8 27. Rc7 Rxc7 28. Qxe8+ Rc8 29. Qb5 Bh6 30. Kxf2 Rxc2 31. Rd1 Nc8 32. a4 a6 33. Qxa6 Re8 34. Ng5 Bg7 35. Nxh7 Rh8 36. Ng5 Rxh4 37. Qd3 Rc7 38. Ne6 Rf7+ 39. Kg3 Bf6 40. Kf2 Rh6 41. Ke3 Bh4 42. Qb3 Rhf6 43. Rd3 Be1 44. Ng5 Rg7 45. Nc3 Bf2+ 46. Ke2 Bd4 47. Ne6 Rf2+ 48. Ke1 Rgf7 49. Nxd4 exd4 50. Ne2 1-0

[Event "NRW Class1 1213"]
[Site "Germany"]
[Date "2013.04.07"]
[Round "8.3"]
[White "Fecke, Andreas"]
[Black "Webb, Laurence"]
[Result "0-1"]
[WhiteElo "2108"]
[BlackElo "2250"]
[PlyCount "106"]
[EventDate "2012.09.16"]
[EventType "team-tourn"]
[EventRounds "9"]
[EventCountry "GER"]
[SourceTitle "EXT 2017"]
[Source "ChessBase"]
[SourceDate "2016.10.25"]
[SourceVersion "1"]
[SourceVersionDate "2016.10.25"]
[SourceQuality "1"]
[WhiteTeam "Lippstadt Turm"]
[BlackTeam "Letmathe"]
[WhiteTeamCountry "GER"]
[BlackTeamCountry "GER"]

1. d4 Nf6 2. c4 e6 3. Nc3 Bb4 4. e3 c5 5. Nge2 cxd4 6. exd4 d5 7. a3 Be7 8. Nf4 dxc4 9. Bxc4 0-0 10. d5 e5 11. Nh5 Nbd7 12. Nxf6+ Nxf6 13. h3 Ne8 14. 0-0 Nd6 15. Ba2 f5 16. Qe2 Bf6 17. Nb5 a6 18. Nxd6 Qxd6 19. Bd2 a5 20. Rac1 Bd7 21. Rfd1 Kh8 22. Bc3 h6 23. Re1 e4 24. Bxf6 Rxf6 25. Qe3 b6 26. Rc3 Re8 27. Qd4 Rd8 28. Rec1 Re8 29. Re1 Rff8 30. b4 axb4 31. Qxb4 Qxb4 32. axb4 Ra8 33. Bb3 Ra3 34. Rec1 Rf6 35. Rc7 Rd6 36. R1c3 Kh7 37. f3 exf3 38. Rxf3 Kg6 39. Kf2 Kf6 40. Rcc3 g5 41. g3 Ra8 42. Rcd3 Re8 43. Rd4 Bb5 44. Re3 Rxe3 45. Kxe3 Ke5 46. Rd1 Rd8 47. Re1 Re8 48. Kd2+ Kd6 49. Rxe8 Bxe8 50. Kd3 Ke5 51. h4 gxh4 52. gxh4 Bf7 53. d6 Be6 0-1

[Event "NRW Class1 1213"]
[Site "Germany"]
[Date "2013.03.10"]
[Round "7.3"]
[White "Fecke, Andreas"]
[Black "Liesmann, Karsten"]
[Result "1-0"]
[WhiteElo "2108"]
[BlackElo "1997"]
[PlyCount "111"]
[EventDate "2012.09.16"]
[EventType "team-tourn"]
[EventRounds "9"]
[EventCountry "GER"]
[SourceTitle "EXT 2017"]
[Source "ChessBase"]
[SourceDate "2016.10.25"]
[SourceVersion "1"]
[SourceVersionDate "2016.10.25"]
[SourceQuality "1"]
[WhiteTeam "Lippstadt Turm"]
[BlackTeam "Bocholt"]
[WhiteTeamCountry "GER"]
[BlackTeamCountry "GER"]

1. d4 e6 2. c4 f5 3. Nc3 Nf6 4. g3 Bb4 5. Bg2 0-0 6. e3 d6 7. Nge2 Nc6 8. a3 Bxc3+ 9. Nxc3 e5 10. 0-0 Qe8 11. Nd5 Nxd5 12. cxd5 Nd8 13. dxe5 dxe5 14. Bd2 Rf6 15. Bc3 Rh6 16. f4 e4 17. Rf2 Nf7 18. Qd4 Rg6 19. Rc1 Bd7 20. Bh3 Nd6 21. Bb4 Nb5 22. Qe5 Qf7 23. Qe7 a5 24. Qxf7+ Kxf7 25. Be1 c6 26. dxc6 Rxc6 27. Rxc6 bxc6 28. Rc2 g6 29. Bf1 a4 30. Bb4 Nc7 31. Rc5 Nd5 32. Bc4 Ke6 33. Kf2 Be8 34. Ke2 Bd7 35. b3 h5 36. bxa4 Rxa4 37. Kd2 h4 38. gxh4 Ra8 39. Ra5 Rh8 40. Bxd5+ cxd5 41. Ra6+ Kf7 42. Kc3 Rxh4 43. Kd4 Rxh2 44. Ke5 Rc2 45. Kd6 Bb5 46. Ra7+ Ke8 47. Ke6 Rc6+ 48. Bd6 Ba6 49. Kxd5 Rb6 50. Kc5 Rb5+ 51. Kc6 Ra5 52. Re7+ Kd8 53. Bb4 Ra4 54. Rh7 Ke8 55. Re7+ Kd8 56. Re5 1-0

[Event "NRW Class1 1011"]
[Site "Germany"]
[Date "2010.12.19"]
[Round "4.3"]
[White "Fecke, Andreas"]
[Black "Ackermann, Hans Werner"]
[Result "0-1"]
[WhiteElo "2175"]
[BlackElo "2291"]
[PlyCount "64"]
[EventDate "2010.09.26"]
[EventType "team-tourn"]
[EventRounds "9"]
[EventCountry "GER"]
[SourceTitle "EXT 2012"]
[Source "ChessBase"]
[SourceDate "2011.11.24"]
[SourceVersion "1"]
[SourceVersionDate "2011.11.24"]
[SourceQuality "1"]
[WhiteTeam "Lippstadt Turm"]
[BlackTeam "Dortmund Hansa II"]
[WhiteTeamCountry "GER"]
[BlackTeamCountry "GER"]

1. e4 c5 2. Nf3 a6 3. a4 Nc6 4. d3 e6 5. Be2 d5 6. Nbd2 Bd6 7. 0-0 Nge7 8. Re1 0-0 9. c3 Qc7 10. Bf1 b6 11. Qe2 Ng6 12. g3 Bb7 13. Bh3 Qd8 14. Nf1 Be7 15. e5 d4 16. c4 Nb4 17. Bg2 Rb8 18. h4 Re8 19. N1h2 Bc6 20. Ng5 Qd7 21. h5 Nxe5 22. Qxe5 Nxd3 23. Bxc6 Qxc6 24. Qe4 Qxe4 25. Rxe4 Nxc1 26. Nxe6 Nb3 27. Ra3 Nd2 28. Re2 Nxc4 29. Rb3 fxe6 30. Rxe6 Bf6 31. Rxe8+ Rxe8 32. Kf1 Nd2+ 0-1

[Event "NRW Class1 1011"]
[Site "Germany"]
[Date "2010.11.28"]
[Round "3.5"]
[White "Tkachuk, Konstantyn"]
[Black "Fecke, Andreas"]
[Result "1/2-1/2"]
[WhiteElo "2181"]
[BlackElo "2175"]
[PlyCount "115"]
[EventDate "2010.09.26"]
[EventType "team-tourn"]
[EventRounds "9"]
[EventCountry "GER"]
[SourceTitle "EXT 2012"]
[Source "ChessBase"]
[SourceDate "2011.11.24"]
[SourceVersion "1"]
[SourceVersionDate "2011.11.24"]
[SourceQuality "1"]
[WhiteTeam "Bochum II"]
[BlackTeam "Lippstadt Turm"]
[WhiteTeamCountry "GER"]
[BlackTeamCountry "GER"]

1. e4 e5 2. Nf3 d6 3. d4 exd4 4. Nxd4 g6 5. c4 Bg7 6. Nc3 Nc6 7. Nxc6 bxc6 8. Be3 Nf6 9. Be2 0-0 10. 0-0 Re8 11. f3 Qe7 12. Bf2 Nh5 13. Re1 Qg5 14. Bf1 Nf4 15. Kh1 Ne6 16. Be3 Qa5 17. Qd2 Ba6 18. Rac1 c5 19. Bh6 Nd4 20. Bxg7 Kxg7 21. f4 Bb7 22. f5 Re5 23. Re3 Rae8 24. Rh3 h5 25. Bd3 f6 26. fxg6 Rg5 27. Rf1 Ree5 28. Rxf6 Kxf6 29. Nd5+ Bxd5 30. Qxa5 Bxe4 31. Bxe4 Rxe4 32. Rd3 Kxg6 33. h3 Re2 34. Rd2 Rgxg2 35. Rxe2 Rxe2 36. Qxc7 Nf5 37. Qxa7 Kg5 38. Qa3 Kf4 39. Qd3 Rxb2 40. Qf1+ Ke4 41. Qe1+ Kd3 42. Qd1+ Ke4 43. a4 Ne3 44. Qc1 Rc2 45. Qb1 Kf3 46. a5 Rxc4 47. a6 Ra4 48. Qb7+ d5 49. Qf7+ Kg3 50. Qg7+ Kf2 51. a7 d4 52. Qf8+ Ke2 53. Qxc5 d3 54. Qxh5+ Kf2 55. Qf7+ Ke2 56. Qh5+ Kf2 57. Qf7+ Ke2 58. Qh5+ 1/2-1/2

[Event "NRW Class1 1011"]
[Site "Germany"]
[Date "2010.10.24"]
[Round "2.5"]
[White "Fecke, Andreas"]
[Black "Kuipers, Stefan"]
[Result "1/2-1/2"]
[WhiteElo "2175"]
[BlackElo "2354"]
[PlyCount "130"]
[EventDate "2010.09.26"]
[EventType "team-tourn"]
[EventRounds "9"]
[EventCountry "GER"]
[SourceTitle "EXT 2012"]
[Source "ChessBase"]
[SourceDate "2011.11.24"]
[SourceVersion "1"]
[SourceVersionDate "2011.11.24"]
[SourceQuality "1"]
[WhiteTeam "Lippstadt Turm"]
[BlackTeam "Emsdetten Turm II"]
[WhiteTeamCountry "GER"]
[BlackTeamCountry "GER"]

1. e4 c5 2. Nf3 Nc6 3. d3 g6 4. c3 Bg7 5. Be2 Nf6 6. 0-0 0-0 7. Re1 d5 8. Nbd2 Qc7 9. a4 a6 10. Qc2 Rb8 11. Nb3 c4 12. dxc4 dxe4 13. Nfd4 Nd8 14. Qd1 Ne6 15. g3 Rd8 16. Be3 Nf8 17. Nd2 h5 18. Qc2 e5 19. N4b3 Bf5 20. a5 Qc6 21. Nc5 N8d7 22. Nxd7 Rxd7 23. Qa4 Qe6 24. Nb3 Rc7 25. Nc5 Qe7 26. b4 Ng4 27. Bf1 Nxe3 28. Rxe3 Bh6 29. Re2 e3 30. fxe3 h4 31. gxh4 Qxh4 32. Qa2 Kg7 33. Qd2 Rd8 34. Qe1 Qe7 35. Bg2 Bg5 36. Bd5 Bh4 37. Qf1 Bg4 38. Rg2 Bc8 39. Qf3 Rd6 40. Ne4 Rd8 41. Rf1 Be6 42. Bxe6 Qxe6 43. c5 Be7 44. Rgf2 f5 45. Ng3 Bh4 46. Rg2 Bxg3 47. Rxg3 Rf7 48. Qe2 e4 49. Kh1 Rf6 50. Rfg1 Qf7 51. c4 Rd3 52. Qb2 f4 53. exf4 Rxg3 54. hxg3 Qxc4 55. Rd1 Qe6 56. Kg2 Qg4 57. Rd6 Qf3+ 58. Kh2 Kh6 59. Rxf6 Qh5+ 60. Kg1 Qd1+ 61. Kf2 Qf3+ 62. Ke1 Qxg3+ 63. Kd1 Qf3+ 64. Kc1 Qf1+ 65. Kd2 Qf2+ 1/2-1/2

[Event "Oberliga NRW 0910"]
[Site "Germany"]
[Date "2010.03.21"]
[Round "8.7"]
[White "Forchert, Niko"]
[Black "Fecke, Andreas"]
[Result "0-1"]
[WhiteElo "2188"]
[BlackElo "2182"]
[PlyCount "116"]
[EventDate "2009.09.20"]
[EventType "team-tourn"]
[EventRounds "9"]
[EventCountry "GER"]
[SourceTitle "EXT 2011"]
[Source "ChessBase"]
[SourceDate "2010.11.26"]
[SourceVersion "1"]
[SourceVersionDate "2010.11.26"]
[SourceQuality "1"]
[WhiteTeam "Bielefeld"]
[BlackTeam "Lippstadt Turm"]
[WhiteTeamCountry "GER"]
[BlackTeamCountry "GER"]

1. d4 d6 2. Nf3 Bg4 3. Nbd2 Nd7 4. h3 Bh5 5. g4 Bg6 6. Nh4 e5 7. Nxg6 hxg6 8. e3 c6 9. dxe5 dxe5 10. Nc4 Qc7 11. Bd2 Ngf6 12. Bg2 Be7 13. Qe2 0-0 14. h4 Nc5 15. Bc3 Nfd7 16. g5 a5 17. a4 Ne6 18. h5 Bxg5 19. hxg6 fxg6 20. 0-0-0 Rae8 21. Nd6 Re7 22. Be4 Rf6 23. f4 Nxf4 24. Qc4+ Ne6 25. Kb1 Bh6 26. Rhg1 Kh7 27. Bd3 Ng5 28. Ne4 Nxe4 29. Bxe4 Nf8 30. Rg3 b6 31. Rdg1 Ree6 32. Qe2 Qf7 33. Bd3 Rf2 34. Qg4 Qe8 35. Be1 Rh2 36. Rf3 Rd6 37. Bg3 Rd2 38. Rgf1 Nd7 39. Be1 Rd1+ 40. Ka2 Nc5 41. Bc4 Qd7 42. Qg3 Rc1 43. Rf8 Ne6 44. Bc3 Rdd1 45. Rxd1 Rxd1 46. Rb8 b5 47. axb5 cxb5 48. Rxb5 Nc7 49. Rxa5 Qc6 50. b3 Qe4 51. Kb2 Bxe3 52. Qh3+ Bh6 53. Rxe5 Qf4 54. Qc8 Qc1+ 55. Ka2 Qxc2+ 56. Bb2 Nd5 57. Rxd5 Rxd5 58. Ka3 Ra5+ 0-1

[Event "Oberliga NRW 0910"]
[Site "Germany"]
[Date "2010.01.31"]
[Round "6.7"]
[White "Krueger, Erich"]
[Black "Fecke, Andreas"]
[Result "1-0"]
[WhiteElo "2248"]
[BlackElo "2182"]
[PlyCount "47"]
[EventDate "2009.09.20"]
[EventType "team-tourn"]
[EventRounds "9"]
[EventCountry "GER"]
[SourceTitle "EXT 2011"]
[Source "ChessBase"]
[SourceDate "2010.11.26"]
[SourceVersion "1"]
[SourceVersionDate "2010.11.26"]
[SourceQuality "1"]
[WhiteTeam "Katernberg II"]
[BlackTeam "Lippstadt Turm"]
[WhiteTeamCountry "GER"]
[BlackTeamCountry "GER"]

1. d4 d6 2. c4 e5 3. Nc3 exd4 4. Qxd4 Nc6 5. Qd2 g6 6. b3 Bg7 7. Bb2 Nf6 8. g3 0-0 9. Bg2 Re8 10. Nf3 Bf5 11. 0-0 Ne4 12. Nxe4 Bxe4 13. Bxg7 Kxg7 14. Ne1 Qf6 15. Rd1 Bxg2 16. Nxg2 Re4 17. Nf4 Qe5 18. e3 Ne7 19. Rfe1 Nf5 20. Nd5 Rg4 21. f4 Qe6 22. Nxc7 Qe4 23. Nxa8 Nxg3 24. Qd4+ 1-0

[Event "Oberliga NRW 0910"]
[Site "Germany"]
[Date "2010.01.10"]
[Round "5.7"]
[White "Fecke, Andreas"]
[Black "Huelsmann, Josef"]
[Result "0-1"]
[WhiteElo "2182"]
[BlackElo "2225"]
[PlyCount "69"]
[EventDate "2009.09.20"]
[EventType "team-tourn"]
[EventRounds "9"]
[EventCountry "GER"]
[SourceTitle "EXT 2011"]
[Source "ChessBase"]
[SourceDate "2010.11.26"]
[SourceVersion "1"]
[SourceVersionDate "2010.11.26"]
[SourceQuality "1"]
[WhiteTeam "Lippstadt Turm"]
[BlackTeam "Monheim"]
[WhiteTeamCountry "GER"]
[BlackTeamCountry "GER"]

1. e4 e6 2. d3 d5 3. Nd2 Nf6 4. Ngf3 Bc5 5. Be2 dxe4 6. dxe4 Nc6 7. 0-0 0-0 8. c3 a5 9. b3 Qe7 10. a3 Rd8 11. Qc2 e5 12. Bb2 Nh5 13. b4 Nf4 14. Nc4 axb4 15. axb4 Rxa1 16. Bxa1 Bd6 17. Ne3 Qf6 18. Rd1 Be6 19. b5 Nb8 20. c4 Nd7 21. Ne1 Ra8 22. Bf1 Bc5 23. Nd3 Bxe3 24. fxe3 Nxd3 25. Bxd3 Nc5 26. Bc3 Qg5 27. Kf2 h5 28. Bb4 Nxd3+ 29. Qxd3 Ra2+ 30. Bd2 Qh4+ 31. Kg1 Bxc4 32. Qxc4 Rxd2 33. Rxd2 Qe1+ 34. Qf1 Qxd2 35. Qf3 0-1

[Event "Oberliga NRW 0809"]
[Site "Germany"]
[Date "2008.11.09"]
[Round "3.6"]
[White "Roski, Ferdinand"]
[Black "Fecke, Andreas"]
[Result "1-0"]
[WhiteElo "2157"]
[BlackElo "2193"]
[PlyCount "55"]
[EventDate "2008.09.21"]
[EventType "team-tourn"]
[EventRounds "9"]
[EventCountry "GER"]
[SourceTitle "EXT 2010"]
[Source "ChessBase"]
[SourceDate "2010.11.25"]
[SourceVersion "1"]
[SourceVersionDate "2010.11.25"]
[SourceQuality "1"]
[WhiteTeam "Godesberg II"]
[BlackTeam "Lippstadt Turm"]
[WhiteTeamCountry "GER"]
[BlackTeamCountry "GER"]

1. Nf3 d6 2. g3 e5 3. d3 Nf6 4. Bg2 Be7 5. 0-0 0-0 6. c4 a5 7. Nc3 c6 8. Rb1 Nbd7 9. e4 Nc5 10. a3 a4 11. Be3 Nfd7 12. d4 exd4 13. Nxd4 Nb6 14. Qe2 Bf6 15. Rfd1 Qe7 16. f3 Re8 17. Bf1 Bd7 18. Qf2 g6 19. Rd2 Bg7 20. Rbd1 f5 21. Nxf5 gxf5 22. Rxd6 Be6 23. Bxc5 Nxc4 24. Rd7 Qg5 25. f4 Qg6 26. exf5 Qxf5 27. Bxc4 Bxc4 28. Rxg7+ 1-0

[Event "Oberliga NRW 0809"]
[Site "Germany"]
[Date "2008.09.21"]
[Round "1.5"]
[White "Fecke, Andreas"]
[Black "Heinbuch, Detlef Ulrich"]
[Result "0-1"]
[WhiteElo "2193"]
[BlackElo "2306"]
[PlyCount "108"]
[EventDate "2008.09.21"]
[EventType "team-tourn"]
[EventRounds "9"]
[EventCountry "GER"]
[SourceTitle "EXT 2010"]
[Source "ChessBase"]
[SourceDate "2010.11.25"]
[SourceVersion "1"]
[SourceVersionDate "2010.11.25"]
[SourceQuality "1"]
[WhiteTeam "Lippstadt Turm"]
[BlackTeam "Bochum"]
[WhiteTeamCountry "GER"]
[BlackTeamCountry "GER"]

1. e4 c5 2. Nf3 Nc6 3. d3 g6 4. Be2 Bg7 5. 0-0 d5 6. Nbd2 e5 7. c3 Nge7 8. a3 a5 9. a4 0-0 10. Re1 h6 11. Bf1 Qc7 12. exd5 Nxd5 13. Nc4 Be6 14. Nfd2 Rad8 15. Qf3 f5 16. Na3 b6 17. Ndc4 Nde7 18. Qe2 Bf7 19. Bd2 Rd7 20. Red1 g5 21. f3 Bg6 22. Nb5 Qd8 23. Be1 Nd5 24. Bg3 Re8 25. Re1 h5 26. Rad1 h4 27. Bf2 Kh7 28. g3 Bh5 29. Bh3 Bg6 30. Ne3 Nf4 31. gxf4 exf4 32. Qf1 fxe3 33. Rxe3 Rxe3 34. Bxe3 Bf6 35. Kh1 Re7 36. Bg1 Qd5 37. Bg2 f4 38. d4 c4 39. Re1 Bd3 40. Rxe7+ Nxe7 41. Qe1 g4 42. Nc7 Qc6 43. Qe6 Qxe6 44. Nxe6 h3 45. Nxf4 hxg2+ 46. Kxg2 Bg5 47. Kg3 gxf3 48. Kxf3 Bc2 49. d5 Bxf4 50. Kxf4 Nxd5+ 51. Ke5 Ne7 52. Bxb6 Bxa4 53. Bxa5 Nc6+ 54. Kd5 Nxa5 0-1

[Event "Oberliga NRW 0708"]
[Site "Germany"]
[Date "2008.03.02"]
[Round "7.6"]
[White "Kamp, Christoph"]
[Black "Fecke, Andreas"]
[Result "1/2-1/2"]
[WhiteElo "2268"]
[BlackElo "2186"]
[PlyCount "92"]
[EventDate "2007.09.16"]
[EventType "team-tourn"]
[EventRounds "9"]
[EventCountry "GER"]
[SourceTitle "EXT 2009"]
[Source "ChessBase"]
[SourceDate "2008.11.26"]
[SourceVersion "1"]
[SourceVersionDate "2008.11.26"]
[SourceQuality "1"]
[WhiteTeam "Muenster"]
[BlackTeam "Lippstadt Turm"]
[WhiteTeamCountry "GER"]
[BlackTeamCountry "GER"]

1. c4 e5 2. Nc3 Nf6 3. Nf3 d6 4. d4 Nbd7 5. e4 Be7 6. Be2 0-0 7. 0-0 c6 8. Rb1 Re8 9. b4 Bf8 10. d5 Qc7 11. Bd2 Nb6 12. h3 Bd7 13. Qb3 Rac8 14. Rfc1 cxd5 15. cxd5 Nc4 16. Bg5 b5 17. Bxc4 Qxc4 18. Qxc4 Rxc4 19. Nd2 Rc7 20. Ne2 Rec8 21. Rxc7 Rxc7 22. Rc1 Rxc1+ 23. Nxc1 Be7 24. Be3 a6 25. Nd3 Be8 26. Bb6 g6 27. Bc7 Bd7 28. f3 Ne8 29. Bb6 Bg5 30. Nb3 f5 31. Nf2 Kf7 32. Kf1 Nf6 33. g3 h5 34. Ke2 h4 35. g4 Bf4 36. Bd8 Bg3 37. Nd2 Nh7 38. Nh1 f4 39. Nxg3 hxg3 40. Kf1 Ke8 41. Bc7 Ke7 42. Nb3 Be8 43. h4 Nf6 44. Kg2 Bf7 45. Nd2 Kd7 46. Ba5 Ke7 1/2-1/2

[Event "Oberliga NRW 0708"]
[Site "Germany"]
[Date "2007.10.14"]
[Round "2.6"]
[White "Fecke, Andreas"]
[Black "Konijn, Bart"]
[Result "1-0"]
[WhiteElo "2186"]
[BlackElo "2239"]
[PlyCount "87"]
[EventDate "2007.09.16"]
[EventType "team-tourn"]
[EventRounds "9"]
[EventCountry "GER"]
[SourceTitle "EXT 2009"]
[Source "ChessBase"]
[SourceDate "2008.11.26"]
[SourceVersion "1"]
[SourceVersionDate "2008.11.26"]
[SourceQuality "1"]
[WhiteTeam "Lippstadt Turm"]
[BlackTeam "Gescher"]
[WhiteTeamCountry "GER"]
[BlackTeamCountry "GER"]

1. e4 e5 2. f4 Bc5 3. Nf3 d6 4. d4 exd4 5. Bd3 Nf6 6. Nbd2 Nc6 7. a3 0-0 8. b4 Bb6 9. 0-0 d5 10. e5 Ng4 11. Re1 Ne3 12. Qe2 Nxc2 13. Ng5 h6 14. Ndf3 Nxe1 15. Qxe1 Bg4 16. Nh7 Bxf3 17. gxf3 Re8 18. Qg3 Kh8 19. Ra2 Rg8 20. Rg2 Qe7 21. Qh3 f6 22. Nxf6 Nxe5 23. Nxg8 Nxf3+ 24. Qxf3 Qe1+ 25. Qf1 Qxf1+ 26. Kxf1 Kxg8 27. f5 Kf7 28. Bf4 Re8 29. Re2 Rxe2 30. Kxe2 Kf6 31. Kf3 a5 32. Bg3 c6 33. Bd6 axb4 34. axb4 Bd8 35. Bc2 Kf7 36. Be5 Be7 37. b5 c5 38. b6 Bd8 39. Bc7 Bf6 40. Ba4 Ke7 41. Bc6 c4 42. Bxd5 c3 43. Be4 Kd7 44. Ke2 1-0

[Event "NRW Class1 0607"]
[Site "Germany"]
[Date "2007.04.15"]
[Round "8.6"]
[White "Fecke, Andreas"]
[Black "Roitburd, Talic"]
[Result "0-1"]
[WhiteElo "2183"]
[BlackElo "2160"]
[PlyCount "62"]
[EventDate "2006.09.17"]
[EventType "team-tourn"]
[EventRounds "9"]
[EventCountry "GER"]
[SourceTitle "EXT 2008"]
[Source "ChessBase"]
[SourceDate "2007.11.25"]
[SourceVersion "1"]
[SourceVersionDate "2007.11.25"]
[SourceQuality "1"]
[WhiteTeam "Lippstadt Turm"]
[BlackTeam "Muelheim Nord II"]
[WhiteTeamCountry "GER"]
[BlackTeamCountry "GER"]

1. e4 c5 2. b4 cxb4 3. a3 d5 4. exd5 Qxd5 5. Nf3 Bg4 6. Be2 Bxf3 7. Bxf3 Qe5+ 8. Qe2 Qxa1 9. Bxb7 Qxb1 10. Qc4 Nd7 11. Bxa8 e6 12. Qc8+ Ke7 13. 0-0 Qa1 14. axb4 Qd4 15. Ba3 f5 16. c4 Kf7 17. c5 Ngf6 18. c6 Nb6 19. Qb8 Rg8 20. Qxa7+ Kg6 21. Bb7 Bd6 22. g3 Bb8 23. Qa6 Ne4 24. Qe2 Rd8 25. Rc1 Bc7 26. b5 h5 27. Be7 Re8 28. Ba3 Qd5 29. Bb2 Ng5 30. h4 Nf3+ 31. Kf1 Nd4 0-1

[Event "NRW Class1 0405"]
[Site "Germany"]
[Date "2005.01.30"]
[Round "6.5"]
[White "Schmoll, Heinz"]
[Black "Fecke, Andreas"]
[Result "0-1"]
[WhiteElo "1965"]
[BlackElo "2242"]
[PlyCount "50"]
[EventDate "2004.10.10"]
[EventType "team"]
[EventRounds "9"]
[EventCountry "GER"]
[SourceTitle "EXT 2006"]
[Source "ChessBase"]
[SourceDate "2005.11.24"]
[SourceVersion "1"]
[SourceVersionDate "2005.11.24"]
[SourceQuality "1"]
[WhiteTeam "Gerresheim II"]
[BlackTeam "Lippstadt Turm"]
[WhiteTeamCountry "GER"]
[BlackTeamCountry "GER"]

1. e4 e5 2. Nf3 d6 3. d4 exd4 4. Qxd4 Nf6 5. Nc3 Be7 6. Bg5 0-0 7. 0-0-0 Nc6 8. Qd2 a6 9. h4 b5 10. Nd4 Nxd4 11. Qxd4 c5 12. Qd2 b4 13. Nd5 Nxd5 14. Qxd5 Bxg5+ 15. hxg5 Be6 16. Qxd6 Qxg5+ 17. f4 Qf6 18. g3 Rfd8 19. Qxc5 Rxd1+ 20. Kxd1 Qxb2 21. Rh2 Bg4+ 22. Ke1 Qc1+ 23. Kf2 Rc8 24. Qxb4 Rxc2+ 25. Kg1 Qe3+ 0-1

[Event "NRW Class2 0304"]
[Site "Germany"]
[Date "2004.04.25"]
[Round "9.3"]
[White "Kalka, Arkadius Georg"]
[Black "Fecke, Andreas"]
[Result "1-0"]
[WhiteElo "2396"]
[BlackElo "2271"]
[PlyCount "45"]
[EventDate "2003.09.28"]
[EventType "team"]
[EventRounds "9"]
[EventCountry "GER"]
[SourceTitle "CBM 098 Extra"]
[Source "ChessBase"]
[SourceDate "2004.03.10"]
[SourceVersion "2"]
[SourceVersionDate "2004.03.10"]
[SourceQuality "1"]
[WhiteTeam "Gelsenkirchen Hassel"]
[BlackTeam "Lippstadt Turm"]
[WhiteTeamCountry "GER"]
[BlackTeamCountry "GER"]

1. d4 d6 2. Nf3 Bg4 3. g3 Nd7 4. Bg2 e5 5. c4 c6 6. Nc3 Ngf6 7. 0-0 Be7 8. e4 a6 9. h3 Bxf3 10. Bxf3 b5 11. d5 cxd5 12. cxd5 Nb6 13. b4 Rc8 14. Bd2 Nc4 15. a4 Qb6 16. axb5 axb5 17. Bg4 Nxg4 18. Qxg4 0-0 19. Bh6 Bf6 20. Nd1 Qd4 21. Ne3 Nxe3 22. Bxe3 h5 23. Qxc8 1-0

[Event "NRW Class2 0304"]
[Site "Germany"]
[Date "2003.10.12"]
[Round "2.3"]
[White "Fecke, Andreas"]
[Black "Dresen, Ulrich"]
[Result "0-1"]
[WhiteElo "2271"]
[BlackElo "2315"]
[PlyCount "79"]
[EventDate "2003.09.28"]
[EventType "team"]
[EventRounds "9"]
[EventCountry "GER"]
[SourceTitle "CBM 098 Extra"]
[Source "ChessBase"]
[SourceDate "2004.03.10"]
[SourceVersion "2"]
[SourceVersionDate "2004.03.10"]
[SourceQuality "1"]
[WhiteTeam "Lippstadt Turm"]
[BlackTeam "Gerresheim"]
[WhiteTeamCountry "GER"]
[BlackTeamCountry "GER"]

1. e4 g6 2. Nf3 Bg7 3. g3 c6 4. d3 d5 5. Nbd2 Nh6 6. Bg2 0-0 7. 0-0 e5 8. Re1 Re8 9. c3 Na6 10. b4 f6 11. a3 Nf7 12. Qc2 Be6 13. Bb2 Qd7 14. c4 d4 15. Rac1 c5 16. b5 Nc7 17. Nb3 b6 18. Ra1 a6 19. a4 axb5 20. axb5 Bh3 21. Kh1 h5 22. Ng1 Bxg2+ 23. Kxg2 Bh6 24. Bc1 Rxa1 25. Nxa1 Ra8 26. Bxh6 Nxh6 27. Nb3 Ne6 28. Ra1 Rxa1 29. Nxa1 Qa7 30. Nb3 Qa3 31. Nc1 Kg7 32. Nge2 f5 33. f3 g5 34. Qa2 Qxa2 35. Nxa2 g4 36. fxg4 fxe4 37. g5 Nxg5 38. h4 Nf3 39. dxe4 Nd2 40. Nac1 0-1